Practical horseman
| Título anterior: | Pennsylvania horse Dressage today |
|---|---|
| Formato: | Electrónico Revista |
| Lenguaje: | inglés |
| Publicado: |
West Chester, Pa.,
Pennsylvania Horse, Inc.
[Boulder, Colorado] : Equine Network, Active Interest Media |
| Materias: | |
| Acceso en línea: | Full text available from Research Library: 03/01/1998 to present |
MARC
| LEADER | 00000nas a2200000 4500 | ||
|---|---|---|---|
| 001 | ssj0012667 | ||
| 003 | WaSeSS | ||
| 005 | 20200512172242.0 | ||
| 006 | m d | ||
| 007 | cr n | ||
| 008 | 791126c19739999couqr p s 0 a0eng d | ||
| 010 | |a sn 79018992 | ||
| 022 | |l 0090-8762 |y 0090-8762 | ||
| 032 | |a 554970 |b USPS | ||
| 035 | |a (WaSeSS)ssj0012667 | ||
| 040 | |a NSD |b eng |c NSD |d MUL |d OCL |d NSD |d NST |d OCL |d AU@ |d OCLCQ |d CUS |d SERSO |d OCLCF |d OCLCO |d JDP |d OCLCO |d OCLCQ |d CUV |d CPO |d OCLCO |d MZG |d OCLCO |d WaSeSS | ||
| 042 | |a nsdp | ||
| 050 | 4 | |a SF277 |b .P73 | |
| 210 | 0 | |a Pract. horseman | |
| 222 | 0 | |a Practical horseman | |
| 245 | 0 | 0 | |a Practical horseman |h [electronic resource]. |
| 260 | |a West Chester, Pa., |b Pennsylvania Horse, Inc. | ||
| 260 | 3 | |3 <2018- > : |a [Boulder, Colorado] : |b Equine Network, Active Interest Media | |
| 310 | |a Quarterly, |b winter 2018- | ||
| 321 | |a Monthly, |b -Nov. 2018 | ||
| 362 | 0 | |a v. 1- Jan. 1973- | |
| 500 | |a "Incorporating the Pennsylvania horse." | ||
| 506 | |a License restrictions may limit access. | ||
| 588 | |a Latest issue consulted: Vol. 46, no. 12 (winter 2018). | ||
| 650 | 0 | |a Horses |v Periodicals. | |
| 650 | 0 | |a Horsemanship |v Periodicals. | |
| 650 | 7 | |a Horsemanship. |2 fast |0 (OCoLC)fst00960561 | |
| 650 | 7 | |a Horses. |2 fast |0 (OCoLC)fst00960603 | |
| 655 | 0 | |a Electronic journals. | |
| 780 | 0 | 5 | |t Pennsylvania horse |
| 780 | 0 | 5 | |t Dressage today |x 1079-1167 |w (DLC) 94642265 |w (OCoLC)31307067 |
| 850 | |a CU-A |a CaNSH |a CoFS |a MnSU |a MsU |a NcRS |a OU |a UPB |a WM | ||
| 856 | 4 | 0 | |z Full text available from Research Library: 03/01/1998 to present |u https://search.proquest.com/publication/31918 |